00545nam a22001817a 450000500170000001000150001702000260003203500130005803700130007108200060008424501010009025000110019126000350020227000600023730000240029770000230032170000190034420140304150201.0 aENG-108689 c195.00a9788121613262 aEN-92222 bDBAD/PUB aS aTeaching stories /cselected and interpreted by Jamuna Rangachari; illustrated by Faraaz Tanveer a5th ed aNew DelhibLife Positivec2013 aC-153, Okhla Industrial Area Phase-IbNew Delhie110020 avi,202p.c22cm(pbk) aRangachari, Jamuna aFaraaz Tanveer